Subjonctif présent: Irrégularités - Statistics

General Stats
  • This quiz has been taken 62 times
  • The average score is 34 of 44
Answer Stats
Hint Answer % Correct
être sois
95%
être sois
95%
être soit
95%
savoir sache
90%
savoir sache
90%
savoir saches
90%
savoir sachiez
90%
savoir sachions
90%
être soient
90%
être soyez
90%
être soyons
90%
avoir aie
86%
faire fasse
86%
faire fasse
86%
faire fasses
86%
faire fassiez
86%
faire fassions
86%
pouvoir puisse
86%
pouvoir puisse
86%
pouvoir puissent
86%
pouvoir puisses
86%
pouvoir puissiez
86%
pouvoir puissions
86%
savoir sachent
86%
avoir aies
81%
faire fassent
81%
avoir aient
76%
aller aille
76%
aller aille
76%
aller ailles
76%
avoir ayez
76%
avoir ayons
76%
aller aillent
71%
avoir ait
71%
aller alliez
71%
aller allions
71%
vouloir veuille
62%
vouloir veuille
62%
vouloir veuillent
62%
vouloir veuilles
62%
vouloir vouliez
62%
vouloir voulions
62%
falloir il faille
10%
pleuvoir il pleuve
10%
No matching quizzes found
Score Distribution
Percent of People with Each Score
Percentile by Number Answered
Your Score History
You have not taken this quiz